Statistics for Country Neighbour Connect: Longest Name, starting with World's Longest Name

Click here to take the quiz!

General Stats

  • This quiz has been taken 82 times
  • The average score is 113 of 154

Answer Stats

COUNTRY% Correct
Democratic Republic of the Congo
100%
Central African Republic
93%
Republic of the Congo
91%
Mauritania
85%
Cameroon
85%
Equatorial Guinea
85%
Ireland
85%
United Kingdom
85%
Burkina Faso
85%
Côte d'Ivoire
85%
Morocco
85%
Sierra Leone
85%
Guinea
85%
Guinea-Bissau
85%
Algeria
85%
Spain
83%
Senegal
83%
Benin
83%
Nigeria
83%
Liberia
83%
Iraq
80%
Kyrgyzstan
80%
Tajikistan
80%
Lebanon
80%
Afghanistan
80%
Turkmenistan
80%
Iran
80%
Yemen
80%
Kuwait
80%
Oman
80%
United Arab Emirates
80%
Saudi Arabia
80%
Jordan
80%
Israel
80%
Uzbekistan
80%
Kazakhstan
80%
Cambodia
80%
China
80%
Vietnam
80%
Brunei
80%
East Timor
80%
Papua New Guinea
80%
Indonesia
80%
Malaysia
80%
Laos
80%
Greece
80%
North Korea
80%
Thailand
80%
Burma
80%
Bangladesh
80%
India
80%
Mongolia
80%
South Korea
80%
Syria
80%
Pakistan
80%
Turkey
80%
Luxembourg
80%
Switzerland
80%
Liechtenstein
80%
Austria
80%
Slovakia
80%
Czech Republic
80%
Germany
80%
Belgium
80%
San Marino
80%
Netherlands
80%
France
80%
Andorra
80%
Portugal
80%
Gabon
80%
Georgia
80%
Vatican City
80%
Italy
80%
Slovenia
80%
Ukraine
80%
Armenia
80%
Azerbaijan
80%
Russia
80%
Estonia
80%
Latvia
80%
Croatia
80%
Belarus
80%
Lithuania
80%
Hungary
80%
Romania
80%
Bulgaria
80%
Macedonia
80%
Albania
80%
Montenegro
80%
Bosnia and Herzegovina
80%
Ethiopia
78%
Swaziland
78%
South Africa
78%
Mozambique
78%
Tanzania
78%
Somalia
78%
Eritrea
78%
Djibouti
78%
Kenya
78%
South Sudan
78%
Nepal
78%
Tunisia
78%
Bhutan
78%
Egypt
78%
Zambia
76%
Zimbabwe
76%
Botswana
76%
Sudan
76%
Libya
76%
Qatar
74%
Niger
74%
Chad
74%
Namibia
74%
Angola
74%
Malawi
74%
Lesotho
74%
Burundi
67%
Rwanda
67%
Uganda
65%
Norway
57%
Finland
57%
Mali
57%
Poland
54%
Sweden
54%
Paraguay
52%
Guyana
52%
Moldova
52%
Panama
52%
Ecuador
52%
Suriname
52%
Brazil
52%
Argentina
52%
Bolivia
52%
Chile
52%
Peru
52%
Colombia
52%
Venezuela
52%
El Salvador
50%
United States
50%
Canada
50%
Guatemala
50%
Kosovo
50%
Honduras
50%
Nicaragua
50%
Costa Rica
50%
Denmark
50%
Serbia
50%
Belize
48%
Mexico
48%
Monaco
48%
Uruguay
46%
Togo
43%
Gambia
39%
Ghana
37%

Score Distribution

Percentile by Number Answered

Percent of People with Each Score

Your Score History

You have not taken this quiz